000 00316nam a2200121Ia 4500
008 241014s9999||||xx |||||||||||||| ||und||
020 _a0-7637-1644-8
100 _aRusell, C Swanburg
245 0 _aManageent and Leadership Nurse Management
260 _bJones and Bartlett
_c2002
300 _a631
942 _bION
_cBK
999 _c18292
_d18292